[Event "Challenge"]
[Site "http://www.queenalice.com/game.php?id=444947"]
[Date "2008.8.7"]
[Round "-"]
[White "mvmendes"]
[Black "zonszein"]
[Result "1-0"]
[WhiteElo "2082"]
[BlackElo "2139"]

1. Nf3 Nf6 2. c4 c5 3. Nc3 Nc6 4. e4 d6 5. Be2 g6 6. d3 Bg7 7. O-O O-O 8. Bd2
Bg4 9. Rc1 Bxf3 10. Bxf3 Nd4 11. Nb5 Nxb5 12. cxb5 Nd7 13. Bc3 Ne5 14. Be2 Qb6
15. a4 a5 16. Kh1 Qd8 17. f4 Nd7 18. f5 e5 19. fxg6 hxg6 20. Qd2 Bf6 21. Qc2 Kg7
22. Rf3 Rh8 23. Qb3 Qe7 24. Rcf1 Qe6 25. Bd1 Qxb3 26. Bxb3 g5 27. Bd5 Rab8 28.
b3 Rh6 29. Bxa5 b6 30. Bd2 Rbh8 31. h3 Rg6 32. Bxg5 Bxg5 33. Rxf7+ Kh6 34. Rxd7
Bf4 35. Rb7 Rh7 36. Rxb6 Rhg7 37. Rb8 Rg3 38. Rh8+ Kg5 39. b6 Kf6 40. b7 Rxg2
41. Rf8+ Ke7 42. R8xf4 1-0

[Event "1"]
[Site "http://www.queenalice.com/game.php?id=446251"]
[Date "2008.8.9"]
[Round "-"]
[White "llina"]
[Black "mvmendes"]
[Result "0-1"]
[WhiteElo "1606"]
[BlackElo "2080"]

1. e4 e5 2. Nf3 Nc6 3. d3 Bc5 4. Be3 d6 5. d4 exd4 6. Bxd4 Bb4+ 7. c3 Nxd4 8.
Nxd4 c5 9. cxb4 cxd4 10. Qxd4 Qb6 11. Qxg7 Qxb4+ 12. Nd2 Ne7 13. Qxh8+ Kd7 14.
O-O-O Qc5+ 15. Kb1 Qxf2 16. Qxh7 Kc7 17. Rc1+ Nc6 18. Nb3 Be6 19. Na5 Kb6 20.
Nxc6 bxc6 21. g3 Qf3 22. Bh3 Bxh3 23. Qxh3 Qxe4+ 24. Ka1 Qe6 25. Qxe6 fxe6 26.
Rhf1 Rh8 27. h4 Rh6 28. a4 c5 29. b3 Rg6 30. Rf3 e5 31. h5 Rh6 32. b4 cxb4 33.
Rc4 Rxh5 34. Rxb4+ Kc6 35. Rc3+ Kd5 36. Rb5+ Kd4 37. Kb2 Rh7 38. Kb3 Rd7 39.
Rc4+ Ke3 40. Rbb4 d5 41. Rc3+ Kd2 42. Rh4 Rb7+ 43. Ka3 Kxc3 44. Rh5 Re7 45. a5
e4 46. Rxd5 e3 47. Rc5+ Kd2 48. Rd5+ Ke1 49. g4 e2 50. Rf5 Kd2 51. Rd5+ Ke3 52.
a6 e1=Q 0-1

[Event "Rev"]
[Site "http://www.queenalice.com/game.php?id=470296"]
[Date "2008.9.29"]
[Round "-"]
[White "mvmendes"]
[Black "shogun"]
[Result "0-1"]
[WhiteElo "2071"]
[BlackElo "2552"]

1. c4 Nf6 2. Nc3 e5 3. Nf3 d6 4. d4 e4 5. Ng5 Qe7 6. Qc2 Nc6 7. e3 Bf5 8. d5 Nb8
9. f3 Na6 10. fxe4 Bg6 11. Bd3 Nc5 12. O-O h6 13. Nf3 Nxd3 14. Qxd3 Nxe4 15.
Nxe4 Qxe4 16. Qxe4+ Bxe4 17. Nd2 Bh7 18. b3 Be7 19. Bb2 O-O 20. Bd4 a5 21. Rf3
c5 22. dxc6 bxc6 23. a4 Bg6 0-1

[Event "Challenge"]
[Site "http://www.queenalice.com/game.php?id=478545"]
[Date "2008.10.17"]
[Round "-"]
[White "zonszein"]
[Black "mvmendes"]
[Result "1-0"]
[WhiteElo "2131"]
[BlackElo "2111"]

1. d4 e6 2. c4 d5 3. Nc3 c6 4. e3 Nf6 5. Nf3 Bd6 6. Bd3 Nbd7 7. O-O O-O 8. b3 h6
9. Bb2 Qc7 10. e4 dxe4 11. Nxe4 Nxe4 12. Bxe4 b6 13. Qe2 Bb7 14. Ne5 Rad8 15. g3
Nf6 16. Bg2 c5 17. dxc5 1-0

[Event "Challenge"]
[Site "http://www.queenalice.com/game.php?id=478546"]
[Date "2008.10.17"]
[Round "-"]
[White "mvmendes"]
[Black "zonszein"]
[Result "0-1"]
[WhiteElo "2100"]
[BlackElo "2142"]

1. e4 c5 2. c3 Nf6 3. e5 Nd5 4. d4 cxd4 5. Qxd4 e6 6. Nf3 Nc6 7. Qe4 d6 8. Nbd2
dxe5 9. Nxe5 Nxe5 10. Qxe5 Bd7 11. Nf3 Qf6 12. Bd3 Qxe5+ 13. Nxe5 Bd6 14. Nxd7
Kxd7 15. O-O Bf4 16. Bxf4 Nxf4 0-1

[Event "Brasil x Argentina"]
[Site "http://www.queenalice.com/game.php?id=928266"]
[Date "2011.4.20"]
[Round "-"]
[White "jajerduco"]
[Black "mvmendes"]
[Result "0-1"]
[WhiteElo "1580"]
[BlackElo "1944"]

1. e3 e5 2. c4 Nc6 3. Ne2 d5 4. cxd5 Qxd5 5. Nec3 Qe6 6. b3 Bd6 7. Bc4 Qg6 8.
Qf3 Nf6 9. d4 Bg4 10. Qg3 exd4 11. Qh4 dxc3 12. Nxc3 Qh5 13. Qxh5 Bxh5 14. f3
Be5 15. Bd2 O-O 16. g4 Bg6 17. e4 Nb4 18. Bd3 Nxd3+ 19. Kf1 Rad8 20. Rb1 h6 21.
a4 Nf2 22. Kxf2 Rxd2+ 23. Ne2 Bf4 24. Rbc1 Nd7 25. b4 Ne5 26. Rc3 c6 27. Ra1 f6
28. Raa3 h5 29. Ke1 hxg4 30. Nxf4 Nxf3+ 31. Rxf3 gxf3 32. Kxd2 Bxe4 33. Ne6 Re8
34. Nc7 Re7 35. Ke3 g5 36. h3 f5 37. Kf2 Rxc7 38. a5 Rh7 39. Kg3 Kg7 40. Rc3 Kf6
41. Rc5 f4+ 42. Kh2 g4 43. a6 g3+ 44. Kg1 f2+ 45. Kf1 Bd3+ 46. Kg2 f1=Q# 0-1

[Event "Challenge"]
[Site "http://www.queenalice.com/game.php?id=951331"]
[Date "2011.6.18"]
[Round "-"]
[White "mvmendes"]
[Black "pacomar16"]
[Result "1-0"]
[WhiteElo "1954"]
[BlackElo "1337"]

1. e4 Nf6 2. d3 Nc6 3. Bg5 d5 4. e5 Nxe5 5. Bxf6 gxf6 6. d4 Nc6 7. c4 dxc4 8. d5
Nb4 9. Qa4+ Bd7 10. Qxb4 e6 11. Qxb7 Rb8 12. Qxa7 Rxb2 13. Bxc4 f5 14. Qd4 c5
15. Qxb2 exd5 16. Qxh8 dxc4 17. Nf3 Qa5+ 18. Kd1 1-0

[Event "AUTO-OPEN-2393"]
[Site "http://www.queenalice.com/game.php?id=951578"]
[Date "2011.6.19"]
[Round "1"]
[White "cex5"]
[Black "mvmendes"]
[Result "1-0"]
[WhiteElo "1266"]
[BlackElo "1946"]

1. e4 e5 2. Nf3 d6 3. d4 Bg4 4. d5 c6 5. dxc6 Nxc6 6. Bb5 Qa5+ 7. Nc3 a6 8.
Bxc6+ bxc6 9. O-O Nf6 10. Bd2 d5 11. Nxd5 Qd8 12. Nxf6+ Qxf6 13. Bg5 Bxf3 14.
Qd2 Qg6 15. gxf3 h6 16. Rfd1 Qxg5+ 17. Qxg5 hxg5 18. Kg2 Be7 19. a4 Rb8 20. b3
Kf8 21. Kg3 Rb4 22. Rd2 g4 23. fxg4 Rxe4 24. Rad1 Bh4+ 25. Kf3 Rf4+ 26. Kg2
Rxg4+ 27. Kf1 Rh6 28. Rd7 Bf6 29. R7d6 Rxh2 30. Rxc6 Rh1+ 31. Ke2 Re4+ 32. Kf3
Rf4+ 33. Ke2 Rxf2+ 34. Kxf2 Rxd1 35. Rxa6 Rd2+ 36. Ke3 Rxc2 37. Ke4 Rb2 38. Rb6
Re2+ 39. Kd5 Rd2+ 40. Kc6 Rc2+ 41. Kd6 Rd2+ 42. Kc6 Rc2+ 43. Kd6 e4 44. Rb8+ 1-0

[Event "AUTO-OPEN-2393"]
[Site "http://www.queenalice.com/game.php?id=951579"]
[Date "2011.6.19"]
[Round "1"]
[White "mvmendes"]
[Black "cex5"]
[Result "1-0"]
[WhiteElo "1946"]
[BlackElo "1358"]

1. e4 e5 2. Bc4 Nc6 3. Qf3 Nf6 4. d3 d5 5. exd5 Nd4 6. Qd1 Bd6 7. c3 Nf5 8. g4
Nh4 9. Bg5 Ng2+ 10. Kf1 Bxg4 11. Qxg4 Nxg4 12. Bxd8 N2e3+ 13. fxe3 Nxe3+ 14. Ke2
Nc2 15. Bxc7 Bxc7 16. Nf3 Nxa1 17. Na3 Bd6 18. Nb5 O-O-O 19. Nxa7+ Kb8 20. Nb5
Nc2 21. Kd2 Nb4 22. Nxd6 Nxd5 23. Nxf7 Nb6 24. N3xe5 Ka7 25. Rg1 Rhf8 26. Nxd8
Rxd8 27. Rxg7 Nxc4+ 28. Nxc4 h5 29. Na5 Ka6 30. Nxb7 Rf8 31. Nc5+ Kb6 32. Nd7+
Kc6 33. Nxf8 Kd6 34. b4 Kc6 35. Rh7 Kb5 36. Rh6 Ka4 37. Kc2 Ka3 38. Ra6# 1-0

[Event "AUTO-OPEN-2393"]
[Site "http://www.queenalice.com/game.php?id=951604"]
[Date "2011.6.19"]
[Round "1"]
[White "pacomar16"]
[Black "mvmendes"]
[Result "0-1"]
[WhiteElo "1335"]
[BlackElo "1956"]

1. e4 e5 2. Nf3 d6 3. Nc3 Nf6 4. d4 Bg4 5. Ng5 Bxd1 6. Nxd1 exd4 7. c3 d5 8.
cxd4 Nxe4 9. Nf3 Bb4+ 10. Bd2 Nxd2 11. Nxd2 Nc6 12. a3 Nxd4 13. axb4 Nc2+ 0-1

[Event "AUTO-OPEN-2393"]
[Site "http://www.queenalice.com/game.php?id=951605"]
[Date "2011.6.19"]
[Round "1"]
[White "mvmendes"]
[Black "pacomar16"]
[Result "1-0"]
[WhiteElo "1952"]
[BlackElo "1339"]

1. e4 Nf6 2. e5 Ne4 3. d3 Nc5 4. d4 Ne4 5. Bd3 d5 6. f3 Nc6 7. Bb5 f6 8. fxe4
dxe4 9. Nc3 fxe5 10. Bxc6+ bxc6 11. Qh5+ g6 12. Qxe5 1-0